000 01289nam0a22002891 4500
001 rc\4897055
005 20250613032628.0
021 _aRU
_b[59-17338ж]
035 _a(NLR Aleph) 008926344
090 _a8856398
_c8856398
100 _a20130426d1959 |||y0rusy50 ca
101 0 _arus
102 _aRU
105 _aab z |||||
200 1 _aКонтинентальные фации в верхнем неогене Юга УССР и их униониды
210 _aОдесса
_cБ. и.
_d1959
215 _a150 с., 5 л. схем., карт.
_cкарт.
_d26
225 1 _aМинистерство высшего образования УССР. Труды Одесского государственного университета имени И.И. Мечникова
_vТ. 149
_iСерия геологических и географических наук
_vВып. 6
320 _aБиблиогр.: с. 90-97
606 _aФации
_zНеоген
_yУкраинская ССР
_2psbo
606 _aУниониды ископаемые
_zНеоген
_yУкраинская ССР
_2psbo
700 1 _aЯцко
_bИ.Я.
_f1896-
_gИван Яковлевич
801 0 _aRU
_bNLR
_gpsbo
801 1 _aRU
_bELAR
_2rusmarc
852 _aNLR
_jП1/69
942 _cBOOK
980 _aNB